000 01074nas a2200349 4500
001 BR2015003833
003 BR-BrBNA
005 20231205125504.0
007 ta
008 230509b bl.|||p| |||| 00| 00por d
040 _aBR-BrBNA
_bpor
_cBiblioteca Nacional de Agricultura
041 _a(En)
072 _aL20
100 1 _aCaldara, F.R.
100 1 _aRosa, P.S.G.
100 1 _aFerreira, R.A.
100 1 _aReis, N.M. de O.
100 1 _aNääs, I. de A.
100 1 _aPaz, I.C. de L.A.
100 1 _aGarcia, R.G.
100 1 _aFerreira, V.M.O. dos S.
245 1 _aBehavior, performance and physiological parameters of pigs reared in deep bedding
650 _aSUÍNOCULTURA
650 _aINSTALACAO PARA ANIMAL
650 _aBEM-ESTAR
650 _aCOMPORTAMENTO ANIMAL
650 _aFISIOLOGIA ANIMAL
773 0 _tEngenharia Agrícola (Brazil)
_xISSN 1809-4430
_g(Jan-Feb 2012), v. 32(1) p. 38-46
_wBR2015003833
856 4 0 _uhttp://www.scielo.br/pdf/eagri/v32n1/05.pdf
909 _a202311
_bLúcia
_c55
_dLúcia Elande
942 _2AGRIS
_n0
_cANA
999 _c244618
_d244618